|
|
|
|
| LEADER |
01968nam a2200253 a 4500 |
| 001 |
13129816 |
| 008 |
100523s2004 pau b 001 0 eng d |
| 010 |
|
|
|a \\2003006758
|
| 020 |
|
|
|a 0791075796
|
| 040 |
|
|
|a DLC
|c DLC
|d DLC
|d BD-DhAAL
|
| 082 |
0 |
0 |
|a 891.73/3
|2 22
|
| 245 |
0 |
0 |
|a Fyodor Dostoevsky's Crime and punishment /
|c edited and with an introduction by Harold Bloom.
|
| 246 |
3 |
0 |
|a Crime and punishment
|
| 260 |
|
|
|a Philadelphia :
|b Chelsea House Publishers,
|c c2004.
|
| 300 |
|
|
|a vii, 302 p. ;
|c 25 cm.
|
| 490 |
0 |
|
|a Bloom's modern critical interpretations
|
| 504 |
|
|
|a Includes bibliographical references (p. 285-288) and index.
|
| 505 |
0 |
|
|a The intellectual problem II / A.D. Nuttall -- Characteristics of genre and plot composition in Dostoevsky's works / Mikhail Bakhtin -- Crime and punishment : psychology on trial / Harriet Murav -- In defense of the epilogue of Crime and punishment / David Matual -- The resurrection from inertia in Crime and punishment / Liza Knapp -- Mediating the distance : prophecy and alterity in Greek tragedy and Dostoevsky's Crime and punishment / Naomi Rood -- How Dostoevsky inscribes "Thou shalt not kill" in a killer's heart : the decalogue taboo internalized, the it of "it" / Olga Meerson -- The art of Crime and punishment / Victor Terras -- The religious symbolism of clothing in Dostoevsky's Crime and punishment / Janet Tucker -- Beyond the will : humiliation as Christian necessity in Crime and punishment / Henry M.W. Russell -- Towards an iconography of Crime and punishment / Antony Johae -- The other Lazarus in Crime and punishment / Linda Ivanits.
|
| 541 |
1 |
|
|e 00020262
|
| 600 |
1 |
0 |
|a Dostoyevsky, Fyodor,
|d 1821-1881.
|t Prestuplenie i nakazanie.
|
| 700 |
1 |
|
|a Bloom, Harold.
|
| 852 |
4 |
|
|a Ayesha Abed Library
|j General Shelf
|
| 999 |
|
|
|c 8678
|d 8678
|
| 952 |
|
|
|0 0
|1 0
|2 ddc
|4 0
|6 891_733000000000000_FYO_2004
|7 0
|9 10439
|a BRACUL
|b BRACUL
|c GEN
|d 2010-05-24
|l 18
|m 69
|o 891.733 FYO
|p 3010020262
|r 2026-03-28
|s 2026-03-07
|t 1
|w 2010-05-24
|y BK
|